| 000 | 00439nam a22001697a 4500 | ||
|---|---|---|---|
| 999 |
_c524101 _d524101 |
||
| 003 | NUST | ||
| 038 | _awaseem | ||
| 082 |
_a891.421 _bIJA |
||
| 100 |
_aIjaz Ahseer _914924 |
||
| 245 |
_aHawan De Khusbo / _cIjaz Ahseer |
||
| 260 |
_aFaisalabad : _bMisal Publishers, _c2004. |
||
| 300 | _a120 p. ; | ||
| 500 | _aHardcover. | ||
| 880 |
_6100-02\r _aاعجاز اسیر |
||
| 880 |
_6245-02\r _aہاواں دی خشبو / |
||
| 942 |
_2ddc _cBK |
||